Countries by population in 1000 - Statistics

General Stats
  • This quiz has been taken 54 times
  • The average score is 8 of 10
Answer Stats
Population Country % % Correct
32,500,000–80,000,000 Song China 19.23
98%
4,000,000– 20,000,000 Chola Empire 1.03-5.13
94%
16,000,000–17,000,000 Pala Empire 4.10-4.36
94%
9,000,000–10,000,000 Western Chalukya Empire 2.44
92%
7,200,000 Kingdom of France 1.80
88%
6,500,000–8,500,000 Buyid Persia 2.18
80%
11,300,000–12,700,000 Holy Roman Empire 3.26
73%
5,250,000–7,750,000 Khitan Liao 1.99
63%
12,000,000 Eastern Roman Empire 3.08
49%
12,500,000 Fatimid Caliphate 3.21
20%
No matching quizzes found
Score Distribution
Percent of People with Each Score
Percentile by Number Answered
Your Score History
You have not taken this quiz